000
00314 a2200109 4500
001
ART_8959
005
20260410161642.0
008
260409a
245
1
0
_a
El fideicomiso de construcción
100
1
_a
Moreno, Carolina
773
0
_t
Consultor tributario
_g
- Año 5, Nº 56 (oct. 2011)
_w
REV474
999
_c
13412
_d
13412